| 000 | 00436nam a2200181Ia 4500 | ||
|---|---|---|---|
| 001 | 16941 | ||
| 005 | 20260306170348.0 | ||
| 008 | 260306t2013||||xx |||||||||||||| ||und|| | ||
| 041 | _aESP | ||
| 082 |
_a657.3 _bP42 |
||
| 100 |
_aPeña Castillo, Jenny _eAUT |
||
| 245 | 0 | _aIdentificación de reparos tributarios | |
| 260 | _c2013 | ||
| 300 |
_a63 páginas : _c24 cm. |
||
| 650 | _aGEN | ||
| 654 | _aCCO | ||
| 942 |
_cLIB _dJUS _fJUS _2ddc _n |
||
| 999 |
_c16941 _d16941 |
||